000 00381nam a2200157Ia 4500
008 230312s9999||||xx |||||||||||||| ||und||
020 _a0-07-120213-7
082 _a330
_bFRA
100 _aFrank, Robert
245 0 _aPriniciples of Economics
260 _bMcGraw Hill
_aLondon
_c2003
300 _a833
546 _aEng.
650 _aEconomics
_vMarket Imperfaction
942 _cBK
999 _c2476
_d2476